000 00773nam a2200289Ia 4500
005 20260324112359.0
008 008 260324s9999 xx 000 0 eng d
020 _a9781003407942
037 _aEBOOK
040 _aCRL
040 _beng
040 _cCRL
041 _2eng
041 _aeng
084 _qCRL
100 _aMayte Mata Sivera; Yasmina Khelifi
_91142454
245 4 _aThe Volunteering Journey to Project Leadership
245 2 _bA Pathway to Improving Leadership Skills, Broadening Networks, and Exploring New Fields
260 _bTaylor and Francis
260 _c2024
365 _a
365 _b275
856 _uhttp://www.taylorfrancis.com/books/9781003407942
942 _cEBOOK
999 _c1731641
_d1731641